| 000 | 00858nam a22001577a 4500 | ||
|---|---|---|---|
| 003 | OSt | ||
| 005 | 20151106151631.0 | ||
| 008 | 151106b xxu||||| |||| 00| 0 eng d | ||
| 040 | _cRUA | ||
| 082 | _aFOR LY 2001 B127 Or.1 | ||
| 100 |
_93458 _aLY SOPHEA |
||
| 245 | _aThe study on bioenergy consumppion in cgfp pilot erea, ausamrae village, ksem ksan commune, oudong district, kompong speu, ការសិក្សាទៅលើការប្រើប្រាស់ Biomass ជាប្រភពថាមពលក្នុងតំបន់ពិសោធន៍របស់គំរោង Cgfp ភូមិអូរសំរ៉ែ ឃុំក្សេមក្សាន្ត ស្រុកឧត្តុង្គ ខេត្តកំពង់ស្ពឺ, | ||
| 260 |
_aPhnom Penh _bRUA _c2001 |
||
| 300 |
_a64p. _bill. _c29cm. |
||
| 942 |
_2ddc _cFOR |
||
| 999 |
_c3228 _d3228 |
||